On This Day: March 28th II Quiz Stats

 Plays Quiz Updated Mar 28, 2018

Score 0/7 Timer 03:00
0 Plays Today
Question Answer Wrong Answers
The Turkish cities of Constantinople and Angora change their names to Istanbul and ______.
1930
Ankara
92.8%
Adana
1.4%
Astana
3.4%
Almaty
1%
The United States Department of State releases the Acheson–Lilienthal Report, outlining a plan for the international control of ______ power.
1946
Nuclear
88.5%
Hydroelectric
5.2%
Solar
2.3%
Geothermal
2.3%
Juan Bautista de Anza, a New-Spanish explorer of the American West, founded this city that would experience a gold boom nearly 75 years later.
1776
San Francisco
88.4%
San Diego
7.4%
Las Vegas
3.2%
Seattle
1%
Sometimes referred to as the 'Queen of Country', this American singer-songwriter and actress, also known for her popular self-titled TV sitcom, is born.
1955
Reba McEntire
81.2%
Martina McBride
3.4%
Faith Hill
9.8%
Miranda Lambert
3.7%
Amidst the Peninsular War, France is victorious in the Battle of Medellín, marking the first major effort by the French to occupy southern ______.
1809
Spain
67.8%
Belgium
12.7%
Germany
5.6%
Italy
12.9%
The British House of Commons passes a vote of no confidence against the government of this Prime Minister, precipitating a general election.
1979
James Callaghan
26%
Harold Wilson
21.9%
John Major
20.8%
Margaret Thatcher
29.1%
President Donald Trump signs the Executive Order on ______, undoing many Obama-era climate-control measures.
2017
Energy Independence
19.4%
Clean Coal
19.6%
Greenhouse Gas Emission
45.5%
Keystone XL
12.9%

You're not logged in!

Compare scores with friends on all Sporcle quizzes.
OR
Log In

Sporcle TV

Today on Sporcle TV


Watch our educational content, quiz creation guides, and fun videos on Sporcle TV.

Show Comments

Extras

Top Quizzes Today


Score Distribution

Your Account Isn't Verified!

In order to create a playlist on Sporcle, you need to verify the email address you used during registration. Go to your Sporcle Settings to finish the process.

Report this User

Report this user for behavior that violates our Community Guidelines.

Details: